<?xml version="1.0" encoding="UTF-8"?>
<record
    xmlns:xsi="http://www.w3.org/2001/XMLSchema-instance"
    xsi:schemaLocation="http://www.loc.gov/MARC21/slim http://www.loc.gov/standards/marcxml/schema/MARC21slim.xsd"
    xmlns="http://www.loc.gov/MARC21/slim">

  <leader>00838cam a2200301   4500</leader>
  <controlfield tag="001">31498</controlfield>
  <datafield tag="010" ind1=" " ind2=" ">
    <subfield code="a">9722325337</subfield>
  </datafield>
  <controlfield tag="005">20220405165525.0</controlfield>
  <datafield tag="021" ind1=" " ind2=" ">
    <subfield code="a">PT</subfield>
    <subfield code="b">177349/02</subfield>
  </datafield>
  <datafield tag="035" ind1=" " ind2=" ">
    <subfield code="a">(bn)1088845</subfield>
  </datafield>
  <datafield tag="035" ind1=" " ind2=" ">
    <subfield code="a">(porbase)1088845</subfield>
  </datafield>
  <datafield tag="090" ind1=" " ind2=" ">
    <subfield code="a">31498</subfield>
  </datafield>
  <datafield tag="100" ind1=" " ind2=" ">
    <subfield code="a">20020730d2002    em y0pory5003    ba</subfield>
  </datafield>
  <datafield tag="304" ind1=" " ind2=" ">
    <subfield code="a">T&#xED;t. orig.: Harry potter and the philospher's stone</subfield>
  </datafield>
  <datafield tag="101" ind1="1" ind2=" ">
    <subfield code="a">por</subfield>
    <subfield code="c">eng</subfield>
  </datafield>
  <datafield tag="102" ind1=" " ind2=" ">
    <subfield code="a">PT</subfield>
  </datafield>
  <datafield tag="106" ind1=" " ind2=" ">
    <subfield code="a">r</subfield>
  </datafield>
  <datafield tag="675" ind1=" " ind2=" ">
    <subfield code="a">087.5</subfield>
    <subfield code="v">BN</subfield>
    <subfield code="z">por</subfield>
  </datafield>
  <datafield tag="675" ind1=" " ind2=" ">
    <subfield code="a">821.111-93"19"</subfield>
    <subfield code="v">BN</subfield>
    <subfield code="z">por</subfield>
  </datafield>
  <datafield tag="675" ind1=" " ind2=" ">
    <subfield code="a">821.111-31"19"</subfield>
    <subfield code="v">BN</subfield>
    <subfield code="z">por</subfield>
  </datafield>
  <datafield tag="700" ind1=" " ind2="1">
    <subfield code="a">Rowling,</subfield>
    <subfield code="b">J. K.,</subfield>
    <subfield code="f">1965-</subfield>
    <subfield code="9">3591</subfield>
  </datafield>
  <datafield tag="702" ind1=" " ind2="1">
    <subfield code="a">Fraga,</subfield>
    <subfield code="b">Isabel,</subfield>
    <subfield code="f">1950-</subfield>
    <subfield code="4">730</subfield>
  </datafield>
  <datafield tag="200" ind1="1" ind2=" ">
    <subfield code="a">Harry Potter e a pedra filosofal</subfield>
    <subfield code="f">J. K. Rowling</subfield>
    <subfield code="g">trad. Isabel Fraga</subfield>
  </datafield>
  <datafield tag="205" ind1=" " ind2=" ">
    <subfield code="a">18a ed</subfield>
  </datafield>
  <datafield tag="210" ind1=" " ind2=" ">
    <subfield code="a">Lisboa</subfield>
    <subfield code="c">Presen&#xE7;a,</subfield>
    <subfield code="d">2002</subfield>
  </datafield>
  <datafield tag="215" ind1=" " ind2=" ">
    <subfield code="a">255, [1] p.</subfield>
    <subfield code="d">21 cm</subfield>
  </datafield>
  <datafield tag="225" ind1="2" ind2=" ">
    <subfield code="a">Estrela do mar</subfield>
    <subfield code="v">9</subfield>
  </datafield>
  <datafield tag="990" ind1=" " ind2=" ">
    <subfield code="c">LIVROS</subfield>
  </datafield>
  <datafield tag="995" ind1=" " ind2=" ">
    <subfield code="0">0</subfield>
    <subfield code="1">0</subfield>
    <subfield code="9">43808</subfield>
    <subfield code="b">EBSIS</subfield>
    <subfield code="d">EBSIS</subfield>
    <subfield code="f">1587EB1EV</subfield>
    <subfield code="k">087.5 ROW</subfield>
    <subfield code="o">0</subfield>
    <subfield code="r">LIVROS</subfield>
    <subfield code="a">EBSIS</subfield>
    <subfield code="c">EBSIS</subfield>
    <subfield code="q">18</subfield>
  </datafield>
</record>
